00688nam a2200193 a 450000100100000000500170001000800410002702000150006804000250008308200130010824500830012126000410020430000280024550001170027370000240039070000240041470000250043870000310046300004737620201002060516.0180510s1978 dr a 000 0 spa d a8439983298 aDO-SdBNPbspacBNPHU axxxbxxx03aLa matematica en la vida diaria :b5to. grado /cConstantino Marcos...[et.al]. aSanto Domingo, :bDisesabSM,c1978. a239 p. :bil. ;c22 cm. aAdaptao para la República Dominicana por Andres Aristides Fulcar Berigüette y Luis Humberto Monsanto Pérez1 aMarcos, Constantino1 aMartínez, Jacinto1 aFulcar B., Aristides1 aMonsanto Pérez, Humberto